Fronteras exteriores e interiores : (Record no. 195475)

MARC details
000 -LEADER
campo de control de longitud fija 02748nam a2200325 i 4500
001 - NÚMERO DE CONTROL
campo de control 195475
003 - IDENTIFICADOR DE NÚMERO DE CONTROL
campo de control ES-MaACL
005 - FECHA Y HORA DE LA ÚLTIMA TRANSACCIÓN
campo de control 20250708192555.0
008 - DATOS DE LONGITUD FIJA--INFORMACIÓN GENERAL
campo de control de longitud fija 240617b2008 sp ||||| |||| 00| 0 spa d
020 ## - NÚMERO INTERNACIONAL ESTÁNDAR DEL LIBRO
Número Internacional Estándar del Libro 9783895861437
040 ## - FUENTE DE CATALOGACIÓN
Lengua de catalogación spa
Centro/agencia transcriptor ES-MaACL
245 ## - MENCIÓN DEL TÍTULO
Título Fronteras exteriores e interiores :
Resto del título indigenismo, género e identidad /
Mención de responsabilidad, etc. Isabel García Parejo, Azucena Palacios, Isabel Rodríguez (editoras)
260 ## - PUBLICACIÓN, DISTRIBUCIÓN, ETC.
Lugar de publicación, distribución, etc. Múnich :
Nombre del editor, distribuidor, etc. Lincom GmbH,
Fecha de publicación, distribución, etc. 2008.
300 ## - DESCRIPCIÓN FÍSICA
Extensión 142 páginas ;
Dimensiones 21 cm
336 ## - TIPO DE CONTENIDO
Fuente rdacontent
Término de tipo de contenido texto
337 ## - TIPO DE MEDIO
Fuente rdamedia
Nombre/término del tipo de medio sin mediación
338 ## - TIPO DE SOPORTE
Fuente rdacarrier
Nombre/término del tipo de soporte volumen
520 ## - RESUMEN, ETC.
Sumario, etc. Conceptos del tipo de ‘frontera’ se caracterizan por el hecho de que entrañan una dimensión simbólica al lado de la natural. La dificultad de separar ambas dimensiones, aún en aquellos casos en que la frontera se concibe en términos tan supuestamente naturales como el de límite, explica en parte la tendencia actual a interpretar dicho concepto desde presupuestos más dinámicos y multidisciplinares, en consonancia con las dinámicas sociopolíticas actuales. La originalidad de este volumen estriba en que aborda en toda su complejidad las múltiples dinámicas asociadas a los diversos tipos de fronteras. De acuerdo con esas dinámicas, diferentes colectivos construidos en torno a variables tales como el estatus social, el género, la etnia, etc., así como su interacción en contextos heterogéneos, son estudiados desde enfoques teóricos tan diversos como la antropología, la historia, la sociología, la sociolingüística, la literatura o la geografía. En definitiva, los textos reunidos en este volumen estudian las tensiones característicamente asociadas a los contextos fronterizos que, desde el punto de vista tanto colectivo como individual, remiten a procesos muy variados y a menudo contradictorios subsumidos en la construcción de las identidades sociales, y que inciden en las fronteras, haciéndolas más o menos visibles y naturalizándolas de diverso modo.
700 ## - ENTRADA AGREGADA--NOMBRE PERSONAL
Nombre de persona García Parejo, Isabel
Término indicativo de función/relación Editor
9 (RLIN) 238802
700 ## - ENTRADA AGREGADA--NOMBRE PERSONAL
Nombre de persona Palacios, Azucena
Término indicativo de función/relación Editor
9 (RLIN) 238803
700 ## - ENTRADA AGREGADA--NOMBRE PERSONAL
Nombre de persona Rodríguez, Isabel
Término indicativo de función/relación Editor
9 (RLIN) 238804
852 ## - LOCALIZACIÓN
Ubicación ES-MaACL
Ubicación en estantería Depósito J
Número de control de estantería N-10011
Anotaciones manuscritas Dedicatoria autógrafa de María Teresa Ayllón Trujillo
Donativo/Legado Donación: María Teresa Ayllón Trujillo
Encuadernación Encuadernación rústica
Signatura antigua Olim: DB-32
itemnumber 206157
903 ## - NOMBRE PERSONAL DE DONANTE
9 176548
a Ayllón Trujillo, María Teresa
e Donante
942 ## - ELEMENTOS DE ENTRADA SECUNDARIOS (KOHA)
Tipo de ítem Koha Libro impreso
Suprimir en OPAC No
Holdings
Estatus retirado Estado de pérdida Fuente del sistema de clasificación o colocación Estado de daño No para préstamo Colección Biblioteca de origen Biblioteca actual Ubicación en estantería Fecha de adquisición Fuente de adquisición Total de préstamos Signatura topográfica completa Código de barras Visto por última vez Precio de reemplazo Tipo de ítem Koha
    Clasificación decimal universal     Libros con dedicatorias Biblioteca del Ateneo de Madrid Biblioteca del Ateneo de Madrid Depósito J 07/07/2025 Donación   N-10011 2025-0550 07/07/2025 07/07/2025 Libro impreso